Managing Your Mind And Mood Throughg Food (Record no. 39499)

MARC details
000 -LEADER
fixed length control field 00428nam a2200133Ia 4500
008 - FIXED-LENGTH DATA ELEMENTS--GENERAL INFORMATION
fixed length control field 211109s9999||||xx |||||||||||||| ||und||
082 ## - DEWEY DECIMAL CLASSIFICATION NUMBER
Classification number 613.2
Item number JUD-M
100 ## - MAIN ENTRY--PERSONAL NAME
Personal name Judith Jwurtman An D Margaret,
245 #0 - TITLE STATEMENT
Title Managing Your Mind And Mood Throughg Food
260 ## - PUBLICATION, DISTRIBUTION, ETC.
Name of publisher, distributor, etc. Current Books
Place of publication, distribution, etc. Kottayam Bn 795
Date of publication, distribution, etc. 1900
630 ## - SUBJECT ADDED ENTRY--UNIFORM TITLE
General subdivision GENERAL STACK
650 ## - SUBJECT ADDED ENTRY--TOPICAL TERM
Topical term or geographic name entry element Technology
942 ## - ADDED ENTRY ELEMENTS (KOHA)
Koha item type BOOK
650 ## - SUBJECT ADDED ENTRY--TOPICAL TERM
Form subdivision Medicine & health
General subdivision Personal health & safetyGeneralia
Holdings
Withdrawn status Lost status Damaged status Not for loan Home library Current library Date acquired Total Checkouts Full call number Barcode Shelving location Date last seen Price effective from Koha item type
        SB LIBRARY SB LIBRARY 09/11/2021   613.2 JUD-M 00081045 GENERAL STACK 09/11/2021 09/11/2021 BOOK

Powered by Koha